000
00299nam a22001337a 4500
020
_a
978-8180860300
041
_a
ENG
100
_a
Atre Acharya
245
_a
Karheche Pani ( Khand-5 )
260
_a
Mubai
_b
Parchure Prakashan
_c
2012
300
_a
672
650
_a
Marathi
856
_u
Marathi ( 33 )
999
_c
2247
_d
2247